00587nam a2200205Ia 4500008004100000020001800041050001400059100001800073245005600091245008000147260001500227260001600242260000900258300001500267300002700282300001000309440004700319440000700366500000800373170918s9999 xx 000 0 und d a9780439650373 bD121 2005 aDadey, Debbie 4aThe abominable snowman doesn't roast marshmallows / cDebbie Dadey and Marcia Thornton Jones ; illustrated by John Steven Gurney. aNew York : bScholastic, c2005 a73 pages : bcolored illustration ; c19cm. aThe adventures of the Bailey school kids ; v50 a690